Mathematical problems in theoretical physics: proceedings of the International Conference on Mathematical Physics
שמור ב:
| מחבר ראשי: | |
|---|---|
| פורמט: | ספר |
| שפה: | אנגלית |
| יצא לאור: |
Berlín
Springer-Verlag
1980
|
| סדרה: | Lecture Notes in Physics, 116
|
| נושאים: | |
| תגים: |
הוספת תג
אין תגיות, היה/י הראשונ/ה לתייג את הרשומה!
|
MARC
| LEADER | 00000nam a2200000 a 4500 | ||
|---|---|---|---|
| 001 | UCQ8483 | ||
| 003 | CL-VaPUC | ||
| 005 | 20230629120258.0 | ||
| 008 | 981210e19800000gw 1 eng d | ||
| 082 | 0 | 4 | |a 530.15 |b OST |2 21 |
| 100 | 1 | |a Osterwalder, Konrad |e author |9 619188 | |
| 245 | 1 | 0 | |a Mathematical problems in theoretical physics: proceedings of the International Conference on Mathematical Physics |
| 260 | |a Berlín |b Springer-Verlag |c 1980 | ||
| 300 | |a 412 p | ||
| 490 | 0 | |a Lecture Notes in Physics, 116 | |
| 583 | |a last modification |c 19981210 00:00:00 |k Rodrigo Vera | ||
| 650 | 0 | 0 | |a Física |9 227844 |
| 650 | 0 | 0 | |a Electromagnetismo |9 260123 |
| 650 | 0 | 0 | |a Ondas |9 260165 |
| 650 | 0 | 0 | |a Mecánica cuántica |9 306806 |
| 650 | 0 | 0 | |a Matemática aplicada |9 260236 |
| 650 | 0 | 0 | |a Álgebra |9 259567 |
| 942 | |c BK | ||
| 945 | |a cmena |d 19981210 00:00:00 | ||
| 546 | |a En Inglés | ||
| 536 | |a Swiss Federal Institute of Technology in Lausanne | ||
| 518 | |p International Conference on Mathematical Physics, Lausanne, 20 al 25 de Agosto de 1979 | ||
| 999 | |c 383288 |d 383286 | ||
| 952 | |0 0 |1 0 |4 0 |6 530_150000000000000_OST_1980 |7 0 |8 A |9 505364 |a BIBMAT |b BIBMAT |d 2020-01-23 |i 1306030 |o 530.15 OST 1980 |p 1306030 |r 2025-01-07 |w 2020-01-23 |y BK |k MAT | ||